Encyclopedic dictionary of cults, sects, and world religions / (Record no. 7174)
[ view plain ]
| 000 -LEADER | |
|---|---|
| fixed length control field | 01738cam a2200385 a 4500 |
| 001 - CONTROL NUMBER | |
| control field | 13844224 |
| 003 - CONTROL NUMBER IDENTIFIER | |
| control field | GBCCL |
| 005 - DATE AND TIME OF LATEST TRANSACTION | |
| control field | 20241126110621.0 |
| 008 - FIXED-LENGTH DATA ELEMENTS--GENERAL INFORMATION | |
| fixed length control field | 050118s2006 miua bd 001 0 eng |
| 010 ## - | |
| -- | 2005000820 |
| 020 ## - INTERNATIONAL STANDARD BOOK NUMBER | |
| International Standard Book Number | 0310239540 (alk. paper) |
| 040 ## - CATALOGING SOURCE | |
| Original cataloging agency | DLC |
| Transcribing agency | DLC |
| Modifying agency | DLC |
| 050 00 - | |
| -- | BL31 |
| -- | .M295 2006 |
| 082 00 - DEWEY DECIMAL CLASSIFICATION NUMBER | |
| Classification number | 200.3 |
| Edition information | 22 |
| Item number | NIC |
| 100 1# - MAIN ENTRY--PERSONAL NAME | |
| Personal name | Nichols, Larry A. |
| 9 (RLIN) | 1745 |
| 245 10 - TITLE STATEMENT | |
| Title | Encyclopedic dictionary of cults, sects, and world religions / |
| Statement of responsibility, etc. | Larry A. Nichols, George A. Mather, Alvin J. Schmidt ; Kurt Van Gorden, consulting editor. |
| 250 ## - EDITION STATEMENT | |
| Edition statement | Rev. and updated ed. |
| 260 ## - PUBLICATION, DISTRIBUTION, ETC. | |
| Place of publication, distribution, etc. | Grand Rapids, Mich. : |
| Name of publisher, distributor, etc. | Zondervan, |
| Date of publication, distribution, etc. | c2006. |
| 300 ## - PHYSICAL DESCRIPTION | |
| Extent | 544 p. : |
| Other physical details | ill. ; |
| Dimensions | 24 cm. |
| 500 ## - GENERAL NOTE | |
| General note | Rev. ed. of: Dictionary of cults, sects, religions, and the occult. 1993. |
| 504 ## - BIBLIOGRAPHY, ETC. NOTE | |
| Bibliography, etc. note | Includes bibliographical references (p. 477-521) and index. |
| 520 ## - SUMMARY, ETC. | |
| Summary, etc. | "This updated dictionary explores a variety of religious beliefs"--Provided by publisher. |
| 650 #0 - SUBJECT ADDED ENTRY--TOPICAL TERM | |
| Topical term or geographic name entry element | Religions |
| Form subdivision | Dictionaries. |
| 9 (RLIN) | 1741 |
| 650 #0 - SUBJECT ADDED ENTRY--TOPICAL TERM | |
| Topical term or geographic name entry element | Cults |
| Form subdivision | Dictionaries. |
| 9 (RLIN) | 1742 |
| 650 #0 - SUBJECT ADDED ENTRY--TOPICAL TERM | |
| Topical term or geographic name entry element | Sects |
| Form subdivision | Dictionaries. |
| 9 (RLIN) | 1743 |
| 700 1# - ADDED ENTRY--PERSONAL NAME | |
| Personal name | Mather, George A. |
| 9 (RLIN) | 1740 |
| 700 1# - ADDED ENTRY--PERSONAL NAME | |
| Personal name | Schmidt, Alvin J. |
| 9 (RLIN) | 12689 |
| 700 1# - ADDED ENTRY--PERSONAL NAME | |
| Personal name | Van Gorden, Kurt. |
| 9 (RLIN) | 4864 |
| 700 1# - ADDED ENTRY--PERSONAL NAME | |
| Personal name | Mather, George A. |
| Title of a work | Dictionary of cults, sects, religions, and the occult. |
| 9 (RLIN) | 12690 |
| 856 41 - ELECTRONIC LOCATION AND ACCESS | |
| Materials specified | Table of contents only |
| Uniform Resource Identifier | <a href="http://www.loc.gov/catdir/toc/ecip056/2005000820.html">http://www.loc.gov/catdir/toc/ecip056/2005000820.html</a> |
| 856 42 - ELECTRONIC LOCATION AND ACCESS | |
| Materials specified | Publisher description |
| Uniform Resource Identifier | <a href="http://www.loc.gov/catdir/enhancements/fy0633/2005000820-d.html">http://www.loc.gov/catdir/enhancements/fy0633/2005000820-d.html</a> |
| 906 ## - LOCAL DATA ELEMENT F, LDF (RLIN) | |
| a | 7 |
| b | cbc |
| c | orignew |
| d | 1 |
| e | ecip |
| f | 20 |
| g | y-gencatlg |
| 942 ## - ADDED ENTRY ELEMENTS (KOHA) | |
| Source of classification or shelving scheme | Dewey Decimal Classification |
| Koha item type | Reference Books |
| Withdrawn status | Lost status | Source of classification or shelving scheme | Damaged status | Not for loan | Home library | Current Library | Shelving location | Date acquired | Source of acquisition | Total checkouts | Full call number | Barcode | Date last seen | Copy number | Price effective from | Koha item type |
|---|---|---|---|---|---|---|---|---|---|---|---|---|---|---|---|---|
| Dewey Decimal Classification | GRACE BIBLE COLLEGE | GRACE BIBLE COLLEGE | Encyclopedia | 2018-07-16 | LANGHAM | 200.3 NIC | 020001 | 2025-05-01 | c.1 | 2018-07-16 | Reference Books | |||||
| Dewey Decimal Classification | GRACE BIBLE COLLEGE | GRACE BIBLE COLLEGE | Encyclopedia | 2021-02-10 | 200.3 NIC | 013965 | 2025-05-01 | c.2 | 2021-02-10 | Reference Books |